[Event "Team Championship Russia (Blitz, Men)"]
[Site "Sochi"]
[Date "2018.10.10"]
[Round "9.2"]
[White "Antipov, Mikhail Al."]
[Black "Morozevich, Alexander"]
[Result "0-1"]
[BlackElo "2677"]
[WhiteElo "2491"]
[LiveChessVersion "1.4.8"]

1. e4 {[%clk 0:03:03]} d6 {[%clk 0:03:02]} 2. d4 {[%clk 0:03:04]} Nf6
{[%clk 0:03:03]} 3. Nc3 {[%clk 0:03:05]} e5 {[%clk 0:03:04]} 4. Nf3
{[%clk 0:03:06]} Nbd7 {[%clk 0:03:05]} 5. Rg1 {[%clk 0:03:07]} c6
{[%clk 0:03:00]} 6. g4 {[%clk 0:03:08]} d5 {[%clk 0:02:54]} 7. exd5
{[%clk 0:02:58]} exd4 {[%clk 0:01:57]} 8. Qe2+ {[%clk 0:02:54]} Qe7
{[%clk 0:01:55]} 9. Nxd4 {[%clk 0:02:47]} Qxe2+ {[%clk 0:01:51]} 10. Bxe2
{[%clk 0:02:45]} Bc5 {[%clk 0:01:50]} 11. dxc6 {[%clk 0:02:31]} Bxd4
{[%clk 0:01:51]} 12. cxd7+ {[%clk 0:02:32]} Bxd7 {[%clk 0:01:52]} 13. Rg3
{[%clk 0:00:52]} Rc8 {[%clk 0:01:31]} 14. g5 {[%clk 0:00:28]} Bxc3+
{[%clk 0:01:25]} 15. bxc3 {[%clk 0:00:25]} Nd5 {[%clk 0:01:25]} 16. c4
{[%clk 0:00:08]} Nb6 {[%clk 0:01:25]} 17. Re3+ {[%clk 0:00:06]} Be6
{[%clk 0:01:27]} 18. c5 {[%clk 0:00:05]} Rxc5 {[%clk 0:01:20]} 19. Ba3
{[%clk 0:00:06]} Rxg5 {[%clk 0:00:54]} 20. O-O-O {[%clk 0:00:06]} Rd5
{[%clk 0:00:56]} 21. Rg1 {[%clk 0:00:04]} g6 {[%clk 0:00:44]} 22. c4
{[%clk 0:00:03]} Ra5 {[%clk 0:00:41]} 23. Bb4 {[%clk 0:00:03]} Rxa2
{[%clk 0:00:39]} 24. Rd1 {[%clk 0:00:03]} Ra1+ {[%clk 0:00:39]} 25. Kc2
{[%clk 0:00:05]} Rxd1 {[%clk 0:00:40]} 26. Kxd1 {[%clk 0:00:05]} Kd7
{[%clk 0:00:41]} 27. Rd3+ {[%clk 0:00:04]} Kc8 {[%clk 0:00:40]} 28. c5
{[%clk 0:00:04]} Nd5 {[%clk 0:00:40]} 29. Bd2 {[%clk 0:00:05]} Rd8
{[%clk 0:00:41]} 30. Kc1 {[%clk 0:00:04]} Ne7 {[%clk 0:00:40]} 31. Ra3
{[%clk 0:00:05]} Nc6 {[%clk 0:00:40]} 32. Bf4 {[%clk 0:00:05]} Rd4
{[%clk 0:00:41]} 33. Bd6 {[%clk 0:00:06]} Kd7 {[%clk 0:00:33]} 34. Bb5
{[%clk 0:00:05]} a6 {[%clk 0:00:33]} 35. Bf1 {[%clk 0:00:04]} h5 {[%clk 0:00:31]}
36. h3 {[%clk 0:00:04]} Bc4 {[%clk 0:00:29]} 37. Bg2 {[%clk 0:00:05]} Bd5 38. Bf1
Nd8 {[%clk 0:00:25]} 39. Re3 {[%clk 0:00:05]} Ne6 {[%clk 0:00:26]} 40. Be2
{[%clk 0:00:04]} Re4 {[%clk 0:00:26]} 41. Rxe4 {[%clk 0:00:03]} Bxe4
{[%clk 0:00:27]} 42. Bc4 {[%clk 0:00:04]} b5 {[%clk 0:00:19]} 43. Bb3
{[%clk 0:00:03]} a5 {[%clk 0:00:16]} 44. Kb2 {[%clk 0:00:04]} b4 {[%clk 0:00:14]}
45. Ba4+ {[%clk 0:00:04]} Bc6 {[%clk 0:00:15]} 46. Bd1 {[%clk 0:00:05]} Bb5
{[%clk 0:00:12]} 47. Bf3 {[%clk 0:00:05]} Nd4 {[%clk 0:00:13]} 48. Bd5
{[%clk 0:00:06]} f6 {[%clk 0:00:13]} 49. Bf8 {[%clk 0:00:06]} a4 {[%clk 0:00:13]}
50. Bg7 {[%clk 0:00:05]} Ke7 {[%clk 0:00:14]} 51. Bh6 {[%clk 0:00:05]} Bc6
{[%clk 0:00:13]} 52. Bc4 {[%clk 0:00:05]} g5 {[%clk 0:00:13]} 53. h4
{[%clk 0:00:04]} gxh4 {[%clk 0:00:13]} 54. Bf4 {[%clk 0:00:04]} h3
{[%clk 0:00:13]} 55. Bd6+ Kd7 56. Bf1 {[%clk 0:00:04]} Bg2 {[%clk 0:00:16]} 57.
Bd3 {[%clk 0:00:06]} Nf3 {[%clk 0:00:16]} 58. Bb5+ {[%clk 0:00:06]} Ke6
{[%clk 0:00:16]} 59. Bc4+ {[%clk 0:00:08]} Kd7 {[%clk 0:00:14]} 60. Bb5+
{[%clk 0:00:09]} Ke6 {[%clk 0:00:12]} 61. Bc4+ {[%clk 0:00:10]} Kf5
{[%clk 0:00:10]} 62. c6 {[%clk 0:00:10]} Ne5 {[%clk 0:00:12]} 63. c7
{[%clk 0:00:07]} Nxc4+ {[%clk 0:00:13]} 0-1

[Event "Team Championship Russia (Blitz, Men)"]
[Site "Sochi"]
[Date "2018.10.10"]
[Round "9.3"]
[White "Savchenko, Boris"]
[Black "Yuffa, Daniil"]
[Result "1/2-1/2"]
[BlackElo "2470"]
[WhiteElo "2657"]
[LiveChessVersion "1.4.8"]

1. e4 {[%clk 0:03:03]} Nf6 {[%clk 0:03:04]} 2. e5 Nd5 3. c4 {[%clk 0:03:05]} Nb6
{[%clk 0:03:07]} 4. d4 {[%clk 0:03:06]} d6 5. exd6 exd6 {[%clk 0:03:10]} 6. Nc3
{[%clk 0:03:05]} Be7 {[%clk 0:03:11]} 7. Qf3 {[%clk 0:03:06]} O-O
{[%clk 0:03:09]} 8. Bf4 {[%clk 0:03:07]} Nc6 {[%clk 0:03:06]} 9. O-O-O
{[%clk 0:03:07]} a5 {[%clk 0:02:59]} 10. c5 {[%clk 0:03:01]} Nd7 {[%clk 0:02:45]}
11. Bb5 {[%clk 0:02:55]} a4 {[%clk 0:02:31]} 12. Bxa4 {[%clk 0:02:41]} Nf6
{[%clk 0:02:24]} 13. h3 {[%clk 0:02:36]} Nb4 {[%clk 0:02:15]} 14. Bb3
{[%clk 0:02:33]} Be6 {[%clk 0:02:05]} 15. Bxe6 {[%clk 0:02:33]} fxe6
{[%clk 0:02:06]} 16. a3 {[%clk 0:02:33]} Nbd5 {[%clk 0:02:03]} 17. Nge2
{[%clk 0:02:33]} dxc5 {[%clk 0:01:55]} 18. dxc5 {[%clk 0:02:25]} Bxc5
{[%clk 0:01:54]} 19. Be5 {[%clk 0:01:52]} c6 {[%clk 0:01:55]} 20. Rhe1
{[%clk 0:01:13]} Nd7 {[%clk 0:01:47]} 21. Qg3 {[%clk 0:01:14]} Nxe5
{[%clk 0:01:31]} 22. Qxe5 {[%clk 0:01:14]} Kh8 {[%clk 0:01:24]} 23. f3
{[%clk 0:00:48]} Qa5 {[%clk 0:01:25]} 24. Ne4 {[%clk 0:00:27]} Bxa3
{[%clk 0:00:48]} 25. bxa3 {[%clk 0:00:27]} Qxa3+ {[%clk 0:00:48]} 26. Qb2
{[%clk 0:00:28]} Qe3+ {[%clk 0:00:49]} 27. Kb1 {[%clk 0:00:27]} Ra6
{[%clk 0:00:44]} 28. Nd4 {[%clk 0:00:26]} Qh6 {[%clk 0:00:44]} 29. Nc5
{[%clk 0:00:18]} Rb6 {[%clk 0:00:42]} 30. Ndb3 {[%clk 0:00:18]} Qg6+
{[%clk 0:00:37]} 31. Qc2 {[%clk 0:00:14]} Nc3+ {[%clk 0:00:36]} 32. Kc1
{[%clk 0:00:14]} Qxc2+ {[%clk 0:00:22]} 33. Kxc2 {[%clk 0:00:15]} Nxd1
{[%clk 0:00:23]} 34. Nd7 {[%clk 0:00:16]} Rxb3 35. Kxb3 {[%clk 0:00:17]} Rd8
{[%clk 0:00:17]} 36. Rxd1 {[%clk 0:00:18]} g5 {[%clk 0:00:17]} 37. Rd3
{[%clk 0:00:18]} Kg7 {[%clk 0:00:17]} 38. Kc4 {[%clk 0:00:19]} Ra8
{[%clk 0:00:14]} 39. Nc5 {[%clk 0:00:19]} b5+ {[%clk 0:00:14]} 40. Kb4
{[%clk 0:00:15]} Kf6 {[%clk 0:00:15]} 41. Rd6 {[%clk 0:00:15]} Kf5
{[%clk 0:00:15]} 42. Rxe6 {[%clk 0:00:15]} Ra2 {[%clk 0:00:15]} 43. g4+
{[%clk 0:00:13]} Kf4 {[%clk 0:00:16]} 44. Rf6+ {[%clk 0:00:14]} Kg3
{[%clk 0:00:17]} 45. Ne4+ {[%clk 0:00:14]} Kxh3 {[%clk 0:00:16]} 46. Nxg5+
{[%clk 0:00:15]} Kg3 {[%clk 0:00:17]} 47. Ne4+ {[%clk 0:00:16]} Kg2
{[%clk 0:00:18]} 48. g5 {[%clk 0:00:12]} Ra4+ {[%clk 0:00:19]} 49. Kb3
{[%clk 0:00:12]} Rd4 {[%clk 0:00:20]} 50. Kc3 {[%clk 0:00:10]} Rc4+
{[%clk 0:00:21]} 51. Kd3 {[%clk 0:00:12]} Ra4 {[%clk 0:00:20]} 52. f4
{[%clk 0:00:12]} Kf3 {[%clk 0:00:15]} 53. Nd2+ {[%clk 0:00:13]} Kg4
{[%clk 0:00:16]} 54. Ne4 {[%clk 0:00:11]} Ra3+ {[%clk 0:00:16]} 55. Kd4
{[%clk 0:00:12]} Rf3 {[%clk 0:00:13]} 56. Rf7 {[%clk 0:00:09]} b4
{[%clk 0:00:14]} 57. Nf6+ {[%clk 0:00:08]} Kg3 {[%clk 0:00:11]} 58. Rxh7
{[%clk 0:00:08]} Rxf4+ {[%clk 0:00:12]} 59. Ke5 {[%clk 0:00:09]} Rh4
{[%clk 0:00:07]} 60. Rxh4 {[%clk 0:00:09]} Kxh4 {[%clk 0:00:08]} 61. g6 b3 62. g7
{[%clk 0:00:10]} b2 {[%clk 0:00:11]} 63. g8=Q {[%clk 0:00:10]} 1/2-1/2

[Event "Team Championship Russia (Blitz, Men)"]
[Site "Sochi"]
[Date "2018.10.10"]
[Round "9.5"]
[White "Zvjaginsev, Vadim"]
[Black "Ozgibcev, Anatoly"]
[Result "1/2-1/2"]
[BlackElo "2353"]
[WhiteElo "2669"]
[LiveChessVersion "1.4.8"]

1. e4 {[%clk 0:03:03]} e5 {[%clk 0:03:03]} 2. Nf3 {[%clk 0:03:04]} Nc6
{[%clk 0:03:04]} 3. g3 {[%clk 0:03:05]} Nf6 {[%clk 0:03:01]} 4. d3
{[%clk 0:03:06]} Be7 {[%clk 0:02:54]} 5. Bg2 {[%clk 0:03:06]} O-O
{[%clk 0:02:55]} 6. O-O d6 7. c3 {[%clk 0:03:04]} a5 {[%clk 0:02:49]} 8. a4
{[%clk 0:03:00]} h6 {[%clk 0:02:40]} 9. Na3 {[%clk 0:02:59]} Be6 {[%clk 0:02:36]}
10. h3 {[%clk 0:02:59]} Re8 {[%clk 0:02:03]} 11. Re1 {[%clk 0:02:55]} Bf8
{[%clk 0:02:04]} 12. Nb5 {[%clk 0:02:32]} Na7 {[%clk 0:01:55]} 13. Nxa7
{[%clk 0:02:30]} Rxa7 {[%clk 0:01:57]} 14. d4 {[%clk 0:02:31]} exd4
{[%clk 0:01:42]} 15. Nxd4 {[%clk 0:02:28]} Bd7 {[%clk 0:01:38]} 16. b3
{[%clk 0:02:25]} Ra8 {[%clk 0:01:33]} 17. Bb2 {[%clk 0:02:26]} Rb8
{[%clk 0:01:30]} 18. c4 {[%clk 0:02:26]} Bc6 {[%clk 0:01:25]} 19. Nxc6
{[%clk 0:01:57]} bxc6 {[%clk 0:01:26]} 20. e5 {[%clk 0:01:59]} dxe5
{[%clk 0:01:11]} 21. Bxe5 {[%clk 0:01:36]} Bb4 {[%clk 0:00:58]} 22. Qxd8
{[%clk 0:01:16]} Rbxd8 {[%clk 0:00:56]} 23. Bxf6 {[%clk 0:01:01]} Rxe1+
{[%clk 0:00:39]} 24. Rxe1 {[%clk 0:01:02]} gxf6 {[%clk 0:00:40]} 25. Re2
{[%clk 0:00:56]} Rd3 {[%clk 0:00:38]} 26. Bxc6 {[%clk 0:00:47]} Rxb3
{[%clk 0:00:36]} 27. Kg2 {[%clk 0:00:48]} Rd3 {[%clk 0:00:34]} 28. Re4
{[%clk 0:00:44]} Rd2 {[%clk 0:00:27]} 29. Rf4 {[%clk 0:00:39]} Kg7
{[%clk 0:00:28]} 30. Rf5 {[%clk 0:00:38]} Bc3 {[%clk 0:00:26]} 31. h4
{[%clk 0:00:33]} Kg6 {[%clk 0:00:22]} 32. Be4 {[%clk 0:00:32]} Kg7
{[%clk 0:00:23]} 33. h5 {[%clk 0:00:30]} Ra2 {[%clk 0:00:22]} 34. Bc6
{[%clk 0:00:30]} Rd2 {[%clk 0:00:20]} 35. Rf4 {[%clk 0:00:23]} Bb4
{[%clk 0:00:19]} 36. Bd5 {[%clk 0:00:21]} Bc5 {[%clk 0:00:20]} 37. Rg4+
{[%clk 0:00:18]} Kf8 {[%clk 0:00:21]} 38. Rf4 {[%clk 0:00:20]} Kg7
{[%clk 0:00:22]} 1/2-1/2

[Event "Team Championship Russia (Blitz, Men)"]
[Site "Sochi"]
[Date "2018.10.10"]
[Round "9.6"]
[White "Dilmukhametov, Artur"]
[Black "Grachev, Boris"]
[Result "1/2-1/2"]
[BlackElo "2646"]
[WhiteElo "2375"]
[LiveChessVersion "1.4.8"]

1. d4 {[%clk 0:03:02]} d5 {[%clk 0:03:02]} 2. Nc3 {[%clk 0:03:03]} Nf6
{[%clk 0:02:58]} 3. Bf4 {[%clk 0:03:03]} a6 {[%clk 0:02:57]} 4. e3
{[%clk 0:03:04]} b5 {[%clk 0:02:56]} 5. Nf3 {[%clk 0:02:45]} e6 {[%clk 0:02:51]}
6. Bd3 {[%clk 0:02:25]} c5 7. dxc5 {[%clk 0:01:56]} Bxc5 {[%clk 0:02:41]} 8. Ne5
{[%clk 0:01:57]} Bb7 {[%clk 0:02:37]} 9. O-O {[%clk 0:01:54]} Nbd7
{[%clk 0:02:34]} 10. Qe2 {[%clk 0:01:43]} O-O {[%clk 0:02:18]} 11. a3
{[%clk 0:01:35]} Nxe5 {[%clk 0:02:14]} 12. Bxe5 {[%clk 0:01:35]} Bd6
{[%clk 0:02:15]} 13. Bxd6 {[%clk 0:01:26]} Qxd6 {[%clk 0:02:16]} 14. e4
{[%clk 0:01:26]} dxe4 {[%clk 0:02:14]} 15. Nxe4 {[%clk 0:01:27]} Bxe4
{[%clk 0:01:43]} 16. Bxe4 {[%clk 0:01:27]} Nxe4 {[%clk 0:01:43]} 17. Qxe4
{[%clk 0:01:28]} Rfd8 {[%clk 0:01:35]} 18. c4 {[%clk 0:00:50]} bxc4
{[%clk 0:01:23]} 19. Qxc4 {[%clk 0:00:51]} Rac8 {[%clk 0:01:24]} 20. Qe2
{[%clk 0:00:50]} a5 {[%clk 0:01:01]} 21. Rfd1 {[%clk 0:00:50]} Qb6
{[%clk 0:01:01]} 22. Rxd8+ {[%clk 0:00:28]} Rxd8 {[%clk 0:01:02]} 23. Rd1
{[%clk 0:00:28]} Rc8 {[%clk 0:01:02]} 24. Qd2 {[%clk 0:00:14]} h6
{[%clk 0:00:57]} 25. b4 {[%clk 0:00:13]} axb4 {[%clk 0:00:50]} 26. Qxb4
{[%clk 0:00:12]} Qc6 {[%clk 0:00:34]} 27. h3 {[%clk 0:00:11]} Qc2
{[%clk 0:00:28]} 28. Ra1 {[%clk 0:00:06]} Rc4 {[%clk 0:00:28]} 29. Qb8+
{[%clk 0:00:06]} Rc8 {[%clk 0:00:27]} 30. Qb4 {[%clk 0:00:06]} Rc4
{[%clk 0:00:15]} 31. Qb8+ {[%clk 0:00:07]} Rc8 {[%clk 0:00:16]} 32. Qb5
{[%clk 0:00:07]} Qc3 {[%clk 0:00:12]} 33. Qb1 {[%clk 0:00:05]} Qe5
{[%clk 0:00:07]} 34. a4 {[%clk 0:00:05]} Rb8 {[%clk 0:00:08]} 35. Qe1
{[%clk 0:00:04]} Qd4 {[%clk 0:00:06]} 36. a5 {[%clk 0:00:06]} Ra8
{[%clk 0:00:05]} 37. a6 {[%clk 0:00:06]} Ra7 {[%clk 0:00:03]} 38. Qa5
{[%clk 0:00:05]} g5 {[%clk 0:00:03]} 39. Qa4 {[%clk 0:00:04]} Qc3
{[%clk 0:00:03]} 40. Qe8+ {[%clk 0:00:05]} Kg7 {[%clk 0:00:04]} 41. Qa4
{[%clk 0:00:06]} Qe5 {[%clk 0:00:05]} 42. g3 {[%clk 0:00:06]} Qc3
{[%clk 0:00:05]} 43. Kg2 {[%clk 0:00:07]} Qe5 {[%clk 0:00:06]} 44. Rb1
{[%clk 0:00:07]} Qd5+ {[%clk 0:00:06]} 45. Kg1 {[%clk 0:00:08]} e5
{[%clk 0:00:06]} 46. Ra1 {[%clk 0:00:07]} Qe6 {[%clk 0:00:06]} 47. Qb5
{[%clk 0:00:08]} h5 {[%clk 0:00:06]} 48. Ra5 {[%clk 0:00:08]} f6 {[%clk 0:00:07]}
49. Ra1 {[%clk 0:00:05]} Kg6 {[%clk 0:00:06]} 50. Qd3+ {[%clk 0:00:06]} e4
{[%clk 0:00:07]} 51. Qb5 {[%clk 0:00:05]} Kh6 {[%clk 0:00:07]} 52. Ra3
{[%clk 0:00:05]} Qd6 {[%clk 0:00:05]} 53. Ra1 {[%clk 0:00:05]} Qe6
{[%clk 0:00:06]} 54. Ra3 {[%clk 0:00:06]} Qd6 {[%clk 0:00:07]} 55. Ra1
{[%clk 0:00:07]} Qe6 {[%clk 0:00:07]} 1/2-1/2

[Event "Team Championship Russia (Blitz, Men)"]
[Site "Sochi"]
[Date "2018.10.10"]
[Round "9.7"]
[White "Kobalia, Mikhail"]
[Black "Inozemtsev, Sergei"]
[Result "1/2-1/2"]
[BlackElo "2312"]
[WhiteElo "2492"]
[LiveChessVersion "1.4.8"]

1. e4 {[%clk 0:03:03]} e6 {[%clk 0:03:03]} 2. d4 {[%clk 0:03:04]} d5
{[%clk 0:03:04]} 3. Nc3 {[%clk 0:03:06]} Bb4 {[%clk 0:03:04]} 4. e5
{[%clk 0:03:07]} b6 {[%clk 0:03:03]} 5. Qg4 {[%clk 0:03:05]} Bf8 {[%clk 0:03:04]}
6. Nf3 {[%clk 0:03:04]} Qd7 {[%clk 0:03:04]} 7. Bd3 {[%clk 0:03:00]} Ba6
{[%clk 0:03:05]} 8. Bxa6 {[%clk 0:03:02]} Nxa6 {[%clk 0:03:05]} 9. O-O
{[%clk 0:03:02]} Nb4 {[%clk 0:02:59]} 10. Ne1 {[%clk 0:03:00]} c5
{[%clk 0:02:55]} 11. Ne2 {[%clk 0:03:00]} Nc6 {[%clk 0:02:53]} 12. c3
{[%clk 0:03:01]} cxd4 {[%clk 0:02:46]} 13. cxd4 {[%clk 0:03:02]} Nge7
{[%clk 0:02:46]} 14. Ng3 {[%clk 0:02:56]} h5 {[%clk 0:02:07]} 15. Nxh5
{[%clk 0:02:49]} Nxd4 {[%clk 0:02:07]} 16. Nxg7+ {[%clk 0:02:39]} Bxg7
{[%clk 0:02:06]} 17. Qxd4 {[%clk 0:02:28]} Nc6 {[%clk 0:02:04]} 18. Qg4
{[%clk 0:02:29]} Bxe5 {[%clk 0:02:05]} 19. Nf3 {[%clk 0:02:30]} Bd6
{[%clk 0:01:44]} 20. Bg5 {[%clk 0:02:24]} e5 {[%clk 0:01:35]} 21. Qxd7+
{[%clk 0:01:55]} Kxd7 {[%clk 0:01:36]} 22. g3 {[%clk 0:01:38]} Ke6
{[%clk 0:01:31]} 23. Rfe1 {[%clk 0:01:36]} f6 {[%clk 0:01:29]} 24. Be3
{[%clk 0:01:36]} Kf7 {[%clk 0:01:26]} 25. Nd2 {[%clk 0:01:29]} Rac8
{[%clk 0:01:23]} 26. a3 {[%clk 0:01:27]} Be7 {[%clk 0:01:20]} 27. Nf3
{[%clk 0:01:22]} Na5 {[%clk 0:01:18]} 28. Rad1 {[%clk 0:01:16]} d4
{[%clk 0:01:18]} 29. Bd2 {[%clk 0:01:13]} Nc4 {[%clk 0:01:18]} 30. Bc1
{[%clk 0:01:14]} Rhd8 {[%clk 0:01:07]} 31. Nh4 {[%clk 0:01:14]} Bf8
{[%clk 0:00:59]} 32. Rd3 {[%clk 0:01:12]} Rc7 {[%clk 0:00:51]} 33. Nf5
{[%clk 0:01:12]} Rdc8 {[%clk 0:00:51]} 34. Kg2 {[%clk 0:01:09]} Nd6
{[%clk 0:00:47]} 35. Nxd6+ {[%clk 0:01:06]} Bxd6 {[%clk 0:00:48]} 36. Bd2
{[%clk 0:01:03]} Rc2 {[%clk 0:00:49]} 37. b4 {[%clk 0:00:53]} Ra2
{[%clk 0:00:49]} 38. Rd1 {[%clk 0:00:54]} Rcc2 39. Be1 Ke6 {[%clk 0:00:48]} 40.
h4 {[%clk 0:00:57]} Bf8 {[%clk 0:00:46]} 41. h5 {[%clk 0:00:57]} Bh6
{[%clk 0:00:47]} 42. Kh3 {[%clk 0:00:53]} Re2 {[%clk 0:00:41]} 43. Kg2
{[%clk 0:00:41]} b5 {[%clk 0:00:42]} 44. Kh3 {[%clk 0:00:41]} a6 {[%clk 0:00:42]}
45. Kg2 {[%clk 0:00:42]} Kd5 {[%clk 0:00:43]} 46. Rf3 {[%clk 0:00:41]} Ke6
{[%clk 0:00:41]} 47. Rfd3 {[%clk 0:00:42]} Kd5 {[%clk 0:00:41]} 48. Rf3 Ke6
1/2-1/2

[Event "Team Championship Russia (Blitz, Men)"]
[Site "Sochi"]
[Date "2018.10.10"]
[Round "9.8"]
[White "Pogromsky, Mikhail"]
[Black "Motylev, Alexander"]
[Result "0-1"]
[BlackElo "2569"]
[WhiteElo "2462"]
[LiveChessVersion "1.4.8"]

1. d4 {[%clk 0:03:03]} d5 {[%clk 0:03:03]} 2. Nc3 {[%clk 0:03:04]} Nf6
{[%clk 0:03:01]} 3. Bg5 {[%clk 0:03:06]} Bf5 {[%clk 0:02:59]} 4. f3
{[%clk 0:03:07]} Nbd7 {[%clk 0:02:56]} 5. Nxd5 {[%clk 0:03:07]} Nxd5
{[%clk 0:02:42]} 6. e4 {[%clk 0:03:09]} h6 {[%clk 0:02:37]} 7. Bh4
{[%clk 0:03:10]} g5 {[%clk 0:02:10]} 8. Bf2 {[%clk 0:03:05]} e6 {[%clk 0:02:09]}
9. exf5 {[%clk 0:02:57]} exf5 {[%clk 0:02:10]} 10. Bd3 {[%clk 0:02:45]} Qf6
{[%clk 0:01:57]} 11. Ne2 {[%clk 0:02:35]} O-O-O {[%clk 0:01:56]} 12. Qd2
{[%clk 0:02:30]} N7b6 {[%clk 0:01:38]} 13. O-O-O {[%clk 0:02:14]} Nb4
{[%clk 0:01:33]} 14. a3 {[%clk 0:01:58]} Nxd3+ {[%clk 0:01:32]} 15. Qxd3
{[%clk 0:02:00]} Kb8 {[%clk 0:01:09]} 16. Ng3 {[%clk 0:01:49]} f4
{[%clk 0:01:03]} 17. Qf5 {[%clk 0:01:36]} Qc6 {[%clk 0:00:53]} 18. Ne4
{[%clk 0:01:33]} Nc4 {[%clk 0:00:38]} 19. Qf6 {[%clk 0:01:19]} Qxf6
{[%clk 0:00:35]} 20. Nxf6 {[%clk 0:01:20]} Bg7 {[%clk 0:00:34]} 21. Nh5
{[%clk 0:01:16]} Bf8 {[%clk 0:00:34]} 22. Rhe1 {[%clk 0:01:09]} b5
{[%clk 0:00:34]} 23. c3 {[%clk 0:01:03]} a5 {[%clk 0:00:35]} 24. Kc2
{[%clk 0:01:03]} a4 {[%clk 0:00:36]} 25. Re4 {[%clk 0:00:59]} c6 {[%clk 0:00:35]}
26. Rde1 {[%clk 0:01:00]} Kc7 {[%clk 0:00:29]} 27. Nf6 {[%clk 0:00:56]} Bd6
{[%clk 0:00:23]} 28. Ne8+ {[%clk 0:00:52]} Kd7 {[%clk 0:00:23]} 29. Nf6+
{[%clk 0:00:53]} Kc8 {[%clk 0:00:23]} 30. d5 {[%clk 0:00:43]} c5 {[%clk 0:00:15]}
31. h4 {[%clk 0:00:38]} Kc7 {[%clk 0:00:14]} 32. h5 {[%clk 0:00:38]} Kb6
{[%clk 0:00:12]} 33. Re8 {[%clk 0:00:30]} Rhxe8 {[%clk 0:00:12]} 34. Rxe8
{[%clk 0:00:28]} Rxe8 {[%clk 0:00:13]} 35. Nxe8 {[%clk 0:00:29]} Be5
{[%clk 0:00:14]} 36. Kc1 {[%clk 0:00:22]} f5 {[%clk 0:00:13]} 37. Kc2
{[%clk 0:00:23]} Ne3+ {[%clk 0:00:13]} 38. Bxe3 {[%clk 0:00:20]} fxe3 39. Kd3 f4
{[%clk 0:00:15]} 40. d6 {[%clk 0:00:22]} Kc6 {[%clk 0:00:14]} 41. Nc7
{[%clk 0:00:23]} Bxd6 {[%clk 0:00:13]} 42. Ne6 {[%clk 0:00:24]} Be5
{[%clk 0:00:13]} 43. Nf8 {[%clk 0:00:14]} Kd6 {[%clk 0:00:13]} 44. Ke2
{[%clk 0:00:14]} b4 {[%clk 0:00:13]} 45. Kd3 {[%clk 0:00:13]} c4+
{[%clk 0:00:12]} 0-1

[Event "Team Championship Russia (Blitz, Men)"]
[Site "Sochi"]
[Date "2018.10.10"]
[Round "9.9"]
[White "Alekseenko, Kirill"]
[Black "Ponkratov, Pavel"]
[Result "1/2-1/2"]
[BlackElo "2647"]
[WhiteElo "2613"]
[LiveChessVersion "1.4.8"]

1. e4 {[%clk 0:03:03]} e6 {[%clk 0:03:03]} 2. d4 {[%clk 0:03:03]} d5
{[%clk 0:03:04]} 3. Nd2 b6 4. Ngf3 Nf6 5. Bd3 {[%clk 0:02:59]} Be7
{[%clk 0:03:06]} 6. O-O {[%clk 0:02:57]} dxe4 {[%clk 0:03:05]} 7. Nxe4
{[%clk 0:02:57]} Bb7 {[%clk 0:03:07]} 8. Qe2 {[%clk 0:02:57]} O-O
{[%clk 0:03:05]} 9. c3 {[%clk 0:02:51]} Nbd7 {[%clk 0:03:06]} 10. Bf4
{[%clk 0:02:47]} c5 {[%clk 0:02:59]} 11. Nxf6+ {[%clk 0:02:26]} Bxf6
{[%clk 0:02:58]} 12. Rac1 {[%clk 0:02:01]} cxd4 {[%clk 0:02:52]} 13. cxd4
{[%clk 0:02:02]} Rc8 {[%clk 0:02:53]} 14. h3 {[%clk 0:01:59]} Bd5
{[%clk 0:02:47]} 15. a3 {[%clk 0:02:00]} Qe7 {[%clk 0:02:33]} 16. Rfe1
{[%clk 0:01:58]} g6 {[%clk 0:02:29]} 17. Be4 {[%clk 0:01:48]} Qd8
{[%clk 0:01:59]} 18. Rxc8 {[%clk 0:01:06]} Qxc8 {[%clk 0:01:59]} 19. Bxd5
{[%clk 0:01:02]} exd5 {[%clk 0:01:58]} 20. Qb5 {[%clk 0:00:59]} Qb7
{[%clk 0:01:43]} 21. Ne5 {[%clk 0:01:01]} Nxe5 {[%clk 0:01:36]} 22. Bxe5
{[%clk 0:01:02]} Bxe5 {[%clk 0:01:26]} 23. Rxe5 {[%clk 0:01:03]} Rd8
{[%clk 0:01:27]} 24. g3 {[%clk 0:00:52]} Kg7 {[%clk 0:01:27]} 25. h4
{[%clk 0:00:53]} h5 {[%clk 0:01:28]} 26. Qe2 {[%clk 0:00:51]} Rd7
{[%clk 0:01:24]} 27. Kg2 {[%clk 0:00:49]} Qc6 {[%clk 0:01:23]} 28. Qf3
{[%clk 0:00:46]} Qf6 {[%clk 0:01:20]} 29. Qe3 {[%clk 0:00:47]} a5
{[%clk 0:01:12]} 30. a4 {[%clk 0:00:48]} Qc6 {[%clk 0:01:10]} 31. b3
{[%clk 0:00:50]} Qf6 {[%clk 0:01:04]} 32. Qc3 {[%clk 0:00:44]} Qd6
{[%clk 0:01:02]} 33. Qe3 {[%clk 0:00:34]} Rc7 {[%clk 0:01:00]} 34. Qf3
{[%clk 0:00:35]} Rd7 {[%clk 0:01:00]} 35. Re8 {[%clk 0:00:35]} Rd8
{[%clk 0:00:59]} 36. Re5 {[%clk 0:00:33]} Rd7 {[%clk 0:01:00]} 37. Qf4
{[%clk 0:00:32]} Qf6 {[%clk 0:00:58]} 38. Qe3 {[%clk 0:00:32]} Qd6
{[%clk 0:00:58]} 39. Re8 {[%clk 0:00:31]} Rd8 {[%clk 0:00:59]} 40. Re5
{[%clk 0:00:27]} Rd7 {[%clk 0:00:59]} 41. Qe2 {[%clk 0:00:26]} Qb4
{[%clk 0:00:51]} 42. Qe3 {[%clk 0:00:21]} Qd6 {[%clk 0:00:51]} 43. Qd2
{[%clk 0:00:21]} Re7 {[%clk 0:00:49]} 44. Qe3 {[%clk 0:00:20]} Rd7
{[%clk 0:00:41]} 45. Qf3 {[%clk 0:00:20]} Qf6 {[%clk 0:00:41]} 46. Qxf6+ Kxf6
{[%clk 0:00:42]} 47. Re8 {[%clk 0:00:17]} Rc7 {[%clk 0:00:41]} 48. Rb8
{[%clk 0:00:17]} Rc6 {[%clk 0:00:42]} 49. Kf1 {[%clk 0:00:14]} Kf5
{[%clk 0:00:42]} 50. Re8 {[%clk 0:00:12]} Rc3 {[%clk 0:00:38]} 51. Re5+
{[%clk 0:00:11]} Kf6 {[%clk 0:00:39]} 52. Rxd5 {[%clk 0:00:12]} Rxb3
{[%clk 0:00:40]} 53. Ke2 {[%clk 0:00:09]} Rb4 {[%clk 0:00:41]} 54. Ke3
{[%clk 0:00:07]} Ke6 {[%clk 0:00:40]} 55. Re5+ {[%clk 0:00:07]} Kd6
{[%clk 0:00:41]} 56. Ke4 {[%clk 0:00:05]} Rxa4 {[%clk 0:00:41]} 57. Rd5+
{[%clk 0:00:07]} Ke6 {[%clk 0:00:41]} 58. Rd8 {[%clk 0:00:07]} Rb4
{[%clk 0:00:42]} 59. Re8+ {[%clk 0:00:08]} Kd6 {[%clk 0:00:42]} 60. Rd8+
{[%clk 0:00:08]} Ke7 {[%clk 0:00:43]} 61. Ra8 {[%clk 0:00:08]} Kf6
{[%clk 0:00:40]} 62. Kd3 {[%clk 0:00:05]} a4 {[%clk 0:00:40]} 63. Kc3
{[%clk 0:00:06]} Rb3+ {[%clk 0:00:41]} 64. Kc4 {[%clk 0:00:08]} b5+
{[%clk 0:00:42]} 65. Kc5 {[%clk 0:00:09]} a3 {[%clk 0:00:42]} 66. d5
{[%clk 0:00:11]} b4 {[%clk 0:00:41]} 67. d6 {[%clk 0:00:12]} Rd3 {[%clk 0:00:23]}
68. Kxb4 {[%clk 0:00:09]} Rxd6 {[%clk 0:00:23]} 69. Rxa3 {[%clk 0:00:10]} Rd2
{[%clk 0:00:24]} 70. Rf3+ {[%clk 0:00:10]} Ke6 {[%clk 0:00:26]} 71. Kc3
{[%clk 0:00:12]} Ra2 {[%clk 0:00:26]} 72. Kd4 {[%clk 0:00:12]} Ra4+
{[%clk 0:00:26]} 73. Ke4 Ke5+ 1/2-1/2